00433 2200169 4500001002100000008004100021035002000062245004100082100001900123260002800142300002400170020002200194084001400216082000800230650001000238990001500248INLIS000000000003278 ind  a0010-1225000099 aCorat-Coret Di ToiletcEka Kurniawan aKurniawan, Eka aJakartabGramediac2024 a152 hlmc14 x 21 cm a978-602-03-2893-5 a813 EKA c a813 aFiksi a19753/B/26